Japońskie miasta - nagła śmierć - Statystyki

Ogólne statystyki
  • Ten quiz został rozwiązany 164 razy
  • Średni wynik to 7 z 8
Answers on the Grid
Answers color-coded by a green-red scale on the quiz's grid according to % correct below.
Seul
Tokio
Shenzhen
Kioto
Pekin
Teheran
Osaka
Bangkok
Hiroszima
Sapporo
Jokohama
Astana
Kawasaki
Ankara
Kobe
Hangzhou
 
Statystyki odpowiedzi
Odpowiedź % Poprawnych
Tokio
99%
Osaka
95%
Kawasaki
94%
Hiroszima
93%
Kioto
92%
Jokohama
87%
Sapporo
87%
Kobe
80%
Nie znaleziono quizów pasujących do podanych kryteriów
Rozkład punktacji
Procent ludzi z każdym wynikiem
Percentyl według liczby udzielonych odpowiedzi
Twoja historia wyników
Nie rozwiązałeś tego quizu